00476nam a2200193 a 4500001001300000003000900013005001700022008004100039020000900080082001500089100001700104245003100121260004000152300000900192500003500201505001700236650001200253700001700265nice12345678IN_TiNIC20260116013247.0050524s1993 newa grp 000 0 eng  ac3500a954.6bPUR aPuri, Balraj aKashmir Towards Insurgency aNew Delhi bOrient Blackswan c1993 a107p aincludes index and biblioraphy2 aBibliography aKashmir1 aPuri, Balraj